| 000 | 00391nam a2200169Ia 4500 | ||
|---|---|---|---|
| 005 | 20250423100306.0 | ||
| 008 | 250422s9999 xx 000 0 und d | ||
| 020 | _a0- 312- 25233- 1 | ||
| 050 | _aPS 3558 .U476 N37/ | ||
| 100 | _aHunter, Fred | ||
| 245 | 0 | _aNational Nancys | |
| 260 | _aNew York | ||
| 260 | _bSt. Martin's Minotaur | ||
| 260 | _c2000 | ||
| 300 | _a232 p | ||
| 942 | _cBK | ||
| 999 |
_c32860 _d32860 |
||